Informe de balances efectuados entre el 1° de febrero de 1973 al 31 de enero de 1974
Guardado en:
| Autor Corporativo: | |
|---|---|
| Formato: | Texto |
| Publicado: |
San José:
La Cámara
|
| Materias: | |
| Etiquetas: |
Agregar Etiqueta
Sin Etiquetas, Sea el primero en etiquetar este registro!
|
MARC
| LEADER | 00000 a a2200000 04500 | ||
|---|---|---|---|
| 001 | 17260 | ||
| 003 | |||
| 040 | |||
| 090 | |a EXTRAVIADO | ||
| 110 | |a Cámara Nacional de Artesanía y Pequeña Industria de Costa Rica | ||
| 245 | |a Informe de balances efectuados entre el 1° de febrero de 1973 al 31 de enero de 1974 | ||
| 260 | |a San José: |b La Cámara | ||
| 300 | |a 2 p. | ||
| 650 | |a GASTOS | ||
| 650 | |a INGRESO | ||
| 999 | |c 17265 |d 17265 | ||
